000 00661nam a2200253Ia 4500
003 OSt
005 20221005050254.0
006 a|||||r|||| 00| 0
007 ta
008 221004b |||||||| |||| 00| 0 eng d
024 _a54291
037 _cTextual
040 _aCRL
_cCRL
_beng
041 _2eng
_aeng
082 _aO111,3N06x, 32K2
100 _aKabir Humayun
245 0 _aMarzeena
260 _aKottayam
_bNational Book Stall India
_c1962
300 _a100p.
_ccm.
650 _a ENGLISH LITERATURE
650 _aENGLISH FICTION
942 _hO111,3N06x, 32K2
_cTEXL
_2cc
999 _c956617
_d956617